000 00721nam a2200181Ia 4500
008 151018s9999 xx 000 0 und d
082 _bRBASDV40831
_a340
100 _aअरुणकुमार मुखेडकर
245 _aऔद्योगिक आणि कामगार फायदे
250 _b1
260 _bनाशिक लॉ हाऊस
_c2005
300 _a619
600 _aअरुणकुमार मुखेडकर
630 _aऔद्योगिक आणि कामगार फायदे
700 _aअरुणकुमार मुखेडकर
730 _aऔद्योगिक आणि कामगार फायदे
942 _cBOOK
999 _c1040105
_d1040102